30 Facts That Start with 'B' Quiz Stats

 Plays Quiz Updated Nov 7, 2017

Score 0/30 Timer 05:00
21 Plays Today
Question Answer % Correct
The star sign Taurus is represented by what animal?Bull
94.4%
According to the New Testament, in what town was Jesus born?Bethlehem
91.9%
What would a bibliophile collect?Books
88.1%
Used in computing, what name is given to a number system using only 0s and 1s?Binary
86.5%
Who wrote the novel 'The Da Vinci Code'?Brown (Dan)
85.4%
What internet search engine was launched by Microsoft in 2009?Bing
77.7%
In which 1995 film did Mel Gibson play William Wallace?Braveheart
76.4%
Sofia is the capital city of what European country?Bulgaria
73.7%
One of the World's ancient Wonders, the Hanging Gardens were found in what city?Babylon
72.7%
Who was U.K. Prime Minister from 1997 to 2007?Blair (Tony)
70.5%
Walter White is a central character in which TV drama series?Breaking Bad
67.2%
Who played Batman in the film 'Batman Begins'?Bale (Christian)
65.9%
What alloy consists primarily of copper, usually with tin?Bronze
65.3%
Which omnipresent leader in George Orwell's '1984' lends his name to a reality TV show?Big Brother
61.2%
Ziggy Stardust is an alter-ego of which singer?Bowie (David)
58.9%
Question Answer % Correct
What is the surname of celebrity children Brooklyn, Cruz, Harper and Romeo?Beckham
55.7%
Which South American city's name literally means 'Fair Winds'?Buenos Aires
52.9%
What city hosted the 1992 Summer Olympics?Barcelona
52.2%
Complete the title of the Rimsky-Korsakov work: 'Flight of the...'?Bumblebee
51.7%
'Call Me' and 'Atomic' were hits for what band?Blondie
50%
'Frozen in Time' and 'Vertigo' are stunts performed by which magician?Blaine (David)
47%
Which Pacific atoll was the site of nuclear tests between 1946 and 1958?Bikini
43.7%
Holly Golightly is a character in what 1958 Truman Capote novel?Breakfast at Tiffany's
42.5%
What was the first ever animated film to be nominated for the Best Picture Oscar?Beauty and the Beast
40.6%
In 1985, who became the youngest winner of the men's singles title at Wimbledon?Becker (Boris)
40.4%
Which Venezuelan-born leader led many South American nations to independence?Bolivar (Simon)
36.7%
Mark, Matt and Travis are the members of what rock band?Blink-182
35.5%
Which telecommunications company was once called 'Research in Motion Ltd'?BlackBerry
24.6%
In the Shakespeare play, the ghost of which character haunts Macbeth?Banquo
22.9%
The satiric poem 'Don Juan' is a work by which 18th/19th century poet?Byron
14.1%

You're not logged in!

Compare scores with friends on all Sporcle quizzes.
OR
Log In

Show Comments

Extras

Top Quizzes Today


Score Distribution

Your Account Isn't Verified!

In order to create a playlist on Sporcle, you need to verify the email address you used during registration. Go to your Sporcle Settings to finish the process.

Report this User

Report this user for behavior that violates our Community Guidelines.

Details: